[Event "EU-ch U16 rapid"]
[Site "Terme Catez"]
[Date "2023.09.29"]
[Round "7"]
[White "Sundac, Ivano"]
[Black "Javornik, Nik"]
[Result "1/2-1/2"]
[WhiteElo "1899"]
[BlackElo "2125"]
[PlyCount "69"]
[EventDate "2023.09.28"]
[EventType "swiss (rapid)"]
[EventRounds "9"]
[EventCountry "SLO"]
[SourceTitle "EXT 2024"]
[Source "ChessBase"]
[SourceDate "2023.10.10"]
[SourceVersion "1"]
[SourceVersionDate "2023.10.10"]
[SourceQuality "1"]

1. e4 c5 2. c3 d5 3. exd5 Qxd5 4. Nf3 g6 5. Be2 Bg7 6. 0-0 Nc6 7. Na3 Nf6 8. d4 cxd4 9. Nb5 Qd8 10. Nbxd4 Nxd4 11. Nxd4 0-0 12. Bf4 Nd5 13. Bg3 e5 14. Nf3 Nf4 15. Bxf4 exf4 16. Qa4 Qc7 17. Rad1 a6 18. Rfe1 Bg4 19. h3 b5 20. Qa3 Bh5 21. Nd4 Bxe2 22. Rxe2 Rfd8 23. Red2 Bf8 24. Qb3 Bc5 25. a4 Bxd4 26. Rxd4 Rxd4 27. Rxd4 bxa4 28. Qxa4 f3 29. gxf3 Qb7 30. Re4 Qxb2 31. Re8+ Rxe8 32. Qxe8+ Kg7 33. Qe5+ Kg8 34. Qe8+ Kg7 35. Qe5+ 1/2-1/2

[Event "World ol U16"]
[Site "Eindhoven"]
[Date "2023.08.15"]
[Round "4.7"]
[White "Sundac, Ivano"]
[Black "Ernst, Robert"]
[Result "1-0"]
[WhiteElo "2089"]
[BlackElo "2121"]
[PlyCount "125"]
[EventDate "2023.08.13"]
[EventType "team-swiss"]
[EventRounds "9"]
[EventCountry "NED"]
[SourceTitle "CBM 215 Extra"]
[Source "ChessBase"]
[SourceDate "2023.09.30"]
[SourceVersion "1"]
[SourceVersionDate "2023.09.30"]
[SourceQuality "1"]
[WhiteTeam "Croatia"]
[BlackTeam "Austria"]
[WhiteTeamCountry "CRO"]
[BlackTeamCountry "AUT"]

1. d4 d5 2. c4 c6 3. cxd5 cxd5 4. Nc3 Nf6 5. Bf4 Nc6 6. e3 Bf5 7. Bd3 Bxd3 8. Qxd3 e6 9. Nf3 Be7 10. h3 0-0 11. 0-0 Nd7 12. Rac1 Rc8 13. Rfd1 Nb6 14. Qe2 a6 15. e4 dxe4 16. Nxe4 Nd5 17. Bh2 h6 18. a3 Qb6 19. Qd3 Rfd8 20. b4 Nf6 21. Nc5 Rd5 22. Qc4 Na7 23. Na4 Qd8 24. Bc7 Qe8 25. Nb6 Nb5 26. Nxc8 Qxc8 27. Bf4 Qxc4 28. Rxc4 Nxa3 29. Rc7 Rd7 30. Rc8+ Rd8 31. Rdc1 Rxc8 32. Rxc8+ Kh7 33. Rc7 Nd5 34. Rxb7 Nb5 35. Bd2 f6 36. Kf1 Kg6 37. Rb8 Kf7 38. Ke2 Nxb4 39. Bxb4 Bxb4 40. Kd3 Be7 41. Nd2 Nc7 42. Nb3 Nd5 43. g3 h5 44. Nc5 h4 45. Rb7 hxg3 46. fxg3 a5 47. Ra7 f5 48. Rxa5 Bd6 49. Ra7+ Kf6 50. Nd7+ Kg6 51. Ne5+ Bxe5 52. dxe5 Nb4+ 53. Ke3 Nd5+ 54. Kd4 f4 55. Ke4 fxg3 56. Ra3 Kh5 57. Rxg3 g5 58. Rd3 Kh4 59. Rxd5 exd5+ 60. Kxd5 Kxh3 61. e6 g4 62. e7 g3 63. e8Q 1-0

[Event "CRO-ch U15"]
[Site "Trogir"]
[Date "2023.06.24"]
[Round "6"]
[White "Sundac, Ivano"]
[Black "Radalj, Niko"]
[Result "1-0"]
[WhiteElo "2136"]
[BlackElo "1266"]
[PlyCount "25"]
[EventDate "2023.06.21"]
[EventType "swiss"]
[EventRounds "9"]
[EventCountry "CRO"]
[SourceTitle "EXT 2024"]
[Source "ChessBase"]
[SourceDate "2023.10.10"]
[SourceVersion "1"]
[SourceVersionDate "2023.10.10"]
[SourceQuality "1"]

1. e4 c5 2. c3 d6 3. d4 cxd4 4. cxd4 Nf6 5. Nc3 e6 6. Nf3 Be7 7. Bd3 0-0 8. 0-0 a6 9. Qe2 b5 10. e5 dxe5 11. dxe5 Nfd7 12. Qe4 g6 13. Qxa8 1-0

[Event "CRO-ch U15"]
[Site "Trogir"]
[Date "2023.06.23"]
[Round "4"]
[White "Sundac, Ivano"]
[Black "Pehar, Borna"]
[Result "0-1"]
[WhiteElo "2136"]
[BlackElo "1911"]
[PlyCount "102"]
[EventDate "2023.06.21"]
[EventType "swiss"]
[EventRounds "9"]
[EventCountry "CRO"]
[SourceTitle "EXT 2024"]
[Source "ChessBase"]
[SourceDate "2023.10.10"]
[SourceVersion "1"]
[SourceVersionDate "2023.10.10"]
[SourceQuality "1"]

1. d4 Nf6 2. c4 g6 3. Nf3 Bg7 4. g3 c5 5. d5 b5 6. cxb5 a6 7. bxa6 d6 8. Bg2 Nbd7 9. 0-0 0-0 10. Nc3 Nb6 11. e4 Bxa6 12. Re1 Nfd7 13. Qc2 Nc4 14. Bf1 Nce5 15. Nxe5 Nxe5 16. Be2 Qd7 17. f4 Nc4 18. b3 Bd4+ 19. Kg2 Nb6 20. Bb2 Bc8 21. Nd1 Qh3+ 22. Kh1 f5 23. Bxd4 cxd4 24. Nf2 Qh6 25. Qc7 Nd7 26. exf5 gxf5 27. Bb5 Nf6 28. Qxe7 Rf7 29. Qd8+ Kg7 30. Qxd6 Bb7 31. Bc6 Ra6 32. Re7 Qg6 33. Rxf7+ Qxf7 34. Qe5 Bxc6 35. dxc6 Rxc6 36. Qxf5 Qa7 37. Qd3 Rc3 38. Qd2 Qc5 39. b4 Qc4 40. Rd1 Rc2 41. Qe1 Re2 42. Qf1 Qc2 43. Rc1 Rxf2 44. Rxc2 Rxf1+ 45. Kg2 Rd1 46. Kf3 d3 47. Rb2 Nd5 48. Ke4 Nc3+ 49. Ke3 Nb1 50. b5 d2 51. Kd3 Rh1 0-1

[Event "CRO-ch U15"]
[Site "Trogir"]
[Date "2023.06.22"]
[Round "3"]
[White "Delibasic, Dominik"]
[Black "Sundac, Ivano"]
[Result "0-1"]
[WhiteElo "1648"]
[BlackElo "2136"]
[PlyCount "90"]
[EventDate "2023.06.21"]
[EventType "swiss"]
[EventRounds "9"]
[EventCountry "CRO"]
[SourceTitle "EXT 2024"]
[Source "ChessBase"]
[SourceDate "2023.10.10"]
[SourceVersion "1"]
[SourceVersionDate "2023.10.10"]
[SourceQuality "1"]

1. e4 c5 2. c3 g6 3. d4 cxd4 4. cxd4 d5 5. exd5 Nf6 6. Nf3 Nxd5 7. Bc4 Nb6 8. Bb3 Bg7 9. 0-0 0-0 10. Be3 Nc6 11. h3 Na5 12. Nc3 Nxb3 13. Qxb3 Be6 14. Qd1 Nd5 15. Ng5 Nxe3 16. fxe3 Bc4 17. Rf3 e5 18. Nge4 exd4 19. exd4 f5 20. Nf2 Qxd4 21. Qc2 Rfd8 22. Re1 Re8 23. Rd1 Qb6 24. b3 Bf7 25. Nd5 Bxd5 26. Rxd5 Rac8 27. Qd2 Qe6 28. Rfd3 Qe1+ 29. Kh2 Be5+ 30. g3 Qxd2 31. Rxd2 f4 32. Ng4 fxg3+ 33. Kg2 Bc3 34. Rd7 Kf8 35. R2d3 Re7 36. Ne3 Be5 37. Nc4 Bc7 38. Ne3 Rce8 39. Rxe7 Rxe7 40. Nd5 Re2+ 41. Kg1 Bd6 42. b4 Be5 43. Rf3+ Kg7 44. Nf4 Bxf4 45. Rxf4 Rxa2 0-1

[Event "Hvar Arsenal op"]
[Site "Hvar"]
[Date "2022.10.12"]
[Round "7"]
[White "Doric, Nenad"]
[Black "Sundac, Ivano"]
[Result "1/2-1/2"]
[WhiteElo "2219"]
[BlackElo "2027"]
[PlyCount "35"]
[EventDate "2022.10.08"]
[EventType "swiss"]
[EventRounds "9"]
[EventCountry "CRO"]
[SourceTitle "CBM 210 Extra"]
[Source "ChessBase"]
[SourceDate "2022.11.30"]
[SourceVersion "1"]
[SourceVersionDate "2022.11.30"]
[SourceQuality "1"]

1. e4 e5 2. Nf3 Nc6 3. Nc3 Nf6 4. Bb5 Bc5 5. 0-0 d6 6. d4 exd4 7. Nxd4 Bd7 8. Bxc6 bxc6 9. Bg5 0-0 10. Nf5 Bxf5 11. exf5 d5 12. Qf3 Re8 13. Rad1 Be7 14. Na4 Nd7 15. Bxe7 Qxe7 16. Qc3 Qf6 17. Rfe1 Qxc3 18. Nxc3 1/2-1/2

[Event "Hvar Arsenal op"]
[Site "Hvar"]
[Date "2022.10.12"]
[Round "6"]
[White "Mocic, Ivano"]
[Black "Sundac, Ivano"]
[Result "0-1"]
[WhiteElo "1662"]
[BlackElo "2027"]
[PlyCount "116"]
[EventDate "2022.10.08"]
[EventType "swiss"]
[EventRounds "9"]
[EventCountry "CRO"]
[SourceTitle "CBM 210 Extra"]
[Source "ChessBase"]
[SourceDate "2022.11.30"]
[SourceVersion "1"]
[SourceVersionDate "2022.11.30"]
[SourceQuality "1"]

1. d4 f5 2. e4 fxe4 3. Nc3 Nf6 4. Bg5 g6 5. h4 d5 6. h5 Rg8 7. hxg6 hxg6 8. f3 Qd6 9. Nge2 exf3 10. gxf3 Bf5 11. Qd2 Nbd7 12. 0-0-0 a6 13. Nf4 0-0-0 14. Bd3 Nb6 15. b3 e5 16. Bxf5+ gxf5 17. dxe5 Qxe5 18. Rhe1 Qd6 19. Ne6 Re8 20. Bxf6 Rxe6 21. Rxe6 Qxe6 22. Nxd5 Nd7 23. Bb2 Bc5 24. Kb1 Re8 25. Nc3 Ne5 26. Qg2 Ng6 27. Nd5 Rd8 28. Nc3 Rxd1+ 29. Nxd1 Kb8 30. Qf1 Nf4 31. Nc3 Qe3 32. Qd1 Bd4 33. Nd5 Nxd5 34. Bxd4 Qe6 35. Qd3 Nb4 36. Qc3 Nc6 37. Kb2 b6 38. a3 Kb7 39. Bg7 Qd5 40. f4 Qe4 41. Bh6 Nd4 42. Bg5 Ne2 43. Qd2 Qd4+ 44. Qxd4 Nxd4 45. a4 Kc6 46. Kc3 Ne6 47. Kc4 Kd6 48. Bh6 c6 49. c3 Ke7 50. Kd3 Kf6 51. a5 b5 52. c4 Kg6 53. cxb5 cxb5 54. Bf8 Nxf8 55. Kd4 Ne6+ 56. Kd5 Nxf4+ 57. Kc6 Nd3 58. Kb6 Nb4 0-1

[Event "Hvar Arsenal blitz op"]
[Site "Hvar"]
[Date "2022.10.11"]
[Round "10"]
[White "Sundac, Ivano"]
[Black "Golubovic, Boris"]
[Result "1/2-1/2"]
[WhiteElo "1987"]
[BlackElo "2313"]
[PlyCount "48"]
[EventDate "2022.10.11"]
[EventType "swiss (blitz)"]
[EventRounds "11"]
[EventCountry "CRO"]
[SourceTitle "CBM 210 Extra"]
[Source "ChessBase"]
[SourceDate "2022.11.30"]
[SourceVersion "1"]
[SourceVersionDate "2022.11.30"]
[SourceQuality "1"]

1. d4 d5 2. c4 c6 3. cxd5 cxd5 4. Nc3 Nf6 5. Bf4 Nc6 6. e3 a6 7. Nf3 Bg4 8. Be2 Bxf3 9. Bxf3 e6 10. 0-0 Bd6 11. Bg3 0-0 12. Rc1 Rc8 13. Re1 Bxg3 14. hxg3 b5 15. Qd2 Qb6 16. Red1 Rfd8 17. b3 g6 18. Ne2 b4 19. Rc2 Ne7 20. Rdc1 Rxc2 21. Rxc2 Rc8 22. Qc1 Rxc2 23. Qxc2 Qc6 24. Qxc6 Nxc6 1/2-1/2

[Event "Hvar Arsenal blitz op"]
[Site "Hvar"]
[Date "2022.10.11"]
[Round "6"]
[White "Sundac, Ivano"]
[Black "Plenkovic, Zdenko"]
[Result "0-1"]
[WhiteElo "1987"]
[BlackElo "2356"]
[PlyCount "78"]
[EventDate "2022.10.11"]
[EventType "swiss (blitz)"]
[EventRounds "11"]
[EventCountry "CRO"]
[SourceTitle "CBM 210 Extra"]
[Source "ChessBase"]
[SourceDate "2022.11.30"]
[SourceVersion "1"]
[SourceVersionDate "2022.11.30"]
[SourceQuality "1"]

1. d4 Nf6 2. c4 g6 3. Nc3 Bg7 4. e4 0-0 5. g3 d6 6. Bg2 Nc6 7. Nge2 Na5 8. Qd3 c5 9. d5 Ng4 10. f4 a6 11. h3 Nf6 12. 0-0 b5 13. cxb5 axb5 14. e5 Nd7 15. e6 Nf6 16. exf7+ Rxf7 17. Ne4 Nxe4 18. Qxe4 b4 19. g4 Ba6 20. Re1 Nc4 21. Rb1 Bb5 22. b3 Nb6 23. f5 Rxa2 24. fxg6 hxg6 25. Nf4 Nd7 26. Nxg6 Ne5 27. Nxe5 Bxe5 28. Bh6 Rff2 29. Qg6+ Kh8 30. Be4 Qg8 31. Qh5 Qf7 32. Qh4 Kg8 33. Bf5 Rxf5 34. gxf5 Qxf5 35. Qg4+ Qxg4+ 36. hxg4 Kf7 37. Rf1+ Kg6 38. Be3 Bxf1 39. Rxf1 Rb2 0-1

[Event "Hvar Arsenal op"]
[Site "Hvar"]
[Date "2022.10.10"]
[Round "4"]
[White "Gulan, Dane"]
[Black "Sundac, Ivano"]
[Result "0-1"]
[WhiteElo "1640"]
[BlackElo "2027"]
[PlyCount "42"]
[EventDate "2022.10.08"]
[EventType "swiss"]
[EventRounds "9"]
[EventCountry "CRO"]
[SourceTitle "CBM 210 Extra"]
[Source "ChessBase"]
[SourceDate "2022.11.30"]
[SourceVersion "1"]
[SourceVersionDate "2022.11.30"]
[SourceQuality "1"]

1. e4 c5 2. Nf3 d6 3. d4 cxd4 4. Nxd4 Nf6 5. Nc3 g6 6. Be3 Bg7 7. f3 0-0 8. Qd2 Nc6 9. 0-0-0 d5 10. exd5 Nxd5 11. Nxc6 bxc6 12. Bd4 e5 13. Bc5 Be6 14. Bxf8 Qxf8 15. Kb1 Rb8 16. Bc4 Nxc3+ 17. Qxc3 e4 18. Rd4 c5 19. Bxe6 Bxd4 20. Qd2 Rxb2+ 21. Kc1 fxe6 0-1

[Event "CRO-ch U17/19"]
[Site "Split"]
[Date "2022.07.30"]
[Round "8"]
[White "Sundac, Ivano"]
[Black "Baturina, Marin"]
[Result "1-0"]
[WhiteElo "1981"]
[BlackElo "1850"]
[PlyCount "65"]
[EventDate "2022.07.25"]
[EventType "swiss"]
[EventRounds "9"]
[EventCountry "CRO"]
[SourceTitle "EXT 2023"]
[Source "ChessBase"]
[SourceDate "2022.10.05"]
[SourceVersion "1"]
[SourceVersionDate "2022.10.05"]
[SourceQuality "1"]

1. d4 d5 2. c4 e6 3. Nc3 Nf6 4. cxd5 exd5 5. Bg5 Be7 6. e3 c6 7. Bd3 0-0 8. Nge2 Nbd7 9. f3 Re8 10. 0-0 Nf8 11. Qc2 Be6 12. e4 dxe4 13. fxe4 Ng6 14. Rad1 Qa5 15. Bd2 Qd8 16. h3 Qd7 17. Kh2 Red8 18. Be3 Rac8 19. Nf4 Nxf4 20. Bxf4 Nh5 21. Be3 g6 22. Qf2 Qc7+ 23. Kg1 f6 24. Bc2 Bc4 25. Bb3 Bxb3 26. axb3 Qg3 27. Qe2 Bd6 28. e5 fxe5 29. Ne4 Qh4 30. Bg5 Qxe4 31. Qxe4 Ng3 32. Qf3 Nxf1 33. Bxd8 1-0

[Event "CRO-ch U17/19"]
[Site "Split"]
[Date "2022.07.27"]
[Round "4"]
[White "Novosel, Lovro"]
[Black "Sundac, Ivano"]
[Result "1/2-1/2"]
[WhiteElo "2255"]
[BlackElo "1981"]
[PlyCount "111"]
[EventDate "2022.07.25"]
[EventType "swiss"]
[EventRounds "9"]
[EventCountry "CRO"]
[SourceTitle "EXT 2023"]
[Source "ChessBase"]
[SourceDate "2022.10.05"]
[SourceVersion "1"]
[SourceVersionDate "2022.10.05"]
[SourceQuality "1"]

1. d4 Nf6 2. c4 e6 3. g3 d5 4. Nf3 Be7 5. Bg2 0-0 6. 0-0 dxc4 7. Qc2 a6 8. a4 Bd7 9. Qxc4 Bc6 10. Bg5 Nbd7 11. Nbd2 h6 12. Bxf6 Nxf6 13. Rfc1 Rc8 14. Nb3 Bd5 15. Qc2 Be4 16. Qd1 Bb4 17. Nc5 Bxc5 18. Rxc5 Qd6 19. Rac1 b6 20. R5c3 Rfd8 21. e3 c5 22. Qe2 Nd5 23. Rc4 Nb4 24. Ne1 Bd5 25. Bxd5 exd5 26. dxc5 bxc5 27. Rf4 Qe6 28. Qf3 Nc6 29. g4 Ne5 30. Qg3 c4 31. Rd1 Rb8 32. Rd2 Rb3 33. Nf3 Nxf3+ 34. Qxf3 d4 35. Qe4 Qxe4 36. Rxe4 Rd3 37. Rc2 dxe3 38. Rxe3 R3d4 39. f3 Rb8 40. Kf2 Rb4 41. Ra3 Rd3 42. Rxd3 cxd3 43. Rd2 Rxa4 44. Ke3 Rb4 45. Kxd3 Rb3+ 46. Kc4 Rxf3 47. Rd6 Rf4+ 48. Kb3 a5 49. Ra6 Rb4+ 50. Ka3 Rb5 51. b3 Kf8 52. h3 Ke7 53. Ka4 Rb4+ 54. Ka3 Rb5 55. Ka4 Rb4+ 56. Ka3 1/2-1/2

[Event "CRO-ch U17/19"]
[Site "Split"]
[Date "2022.07.26"]
[Round "2"]
[White "Kovacek, Pavlo"]
[Black "Sundac, Ivano"]
[Result "0-1"]
[WhiteElo "1738"]
[BlackElo "1981"]
[PlyCount "54"]
[EventDate "2022.07.25"]
[EventType "swiss"]
[EventRounds "9"]
[EventCountry "CRO"]
[SourceTitle "EXT 2023"]
[Source "ChessBase"]
[SourceDate "2022.10.05"]
[SourceVersion "1"]
[SourceVersionDate "2022.10.05"]
[SourceQuality "1"]

1. e4 c5 2. Nf3 d6 3. d4 cxd4 4. Nxd4 Nf6 5. Nc3 a6 6. f3 e5 7. Nb3 Be7 8. Be3 Be6 9. Nd5 Nxd5 10. exd5 Bf5 11. Bd3 Bg6 12. Qd2 Nd7 13. 0-0-0 Bxd3 14. Qxd3 b5 15. g4 0-0 16. Kb1 Qc7 17. h4 Rfc8 18. g5 a5 19. h5 a4 20. Nd2 a3 21. g6 axb2 22. gxf7+ Kh8 23. Ne4 Ra3 24. c3 Qa5 25. Rh2 Rxa2 26. Rxb2 Ra1+ 27. Kc2 Qa4+ 0-1

[Event "EU-ch U14 Rapid"]
[Site "Thessaloniki"]
[Date "2022.07.20"]
[Round "3"]
[White "Kozlovic, Jernej"]
[Black "Sundac, Ivano"]
[Result "1-0"]
[WhiteElo "1768"]
[BlackElo "1675"]
[PlyCount "97"]
[EventDate "2022.07.20"]
[EventType "swiss (rapid)"]
[EventRounds "9"]
[EventCountry "GRE"]
[SourceTitle "EXT 2023"]
[Source "ChessBase"]
[SourceDate "2022.10.05"]
[SourceVersion "1"]
[SourceVersionDate "2022.10.05"]
[SourceQuality "1"]

1. e4 c5 2. Nf3 d6 3. c3 Nf6 4. h3 Nc6 5. Bd3 g6 6. Bc2 Bg7 7. d4 0-0 8. dxc5 dxc5 9. 0-0 Qc7 10. Qe2 e5 11. Be3 b6 12. a4 Rd8 13. Na3 a5 14. Nb5 Qe7 15. Rfd1 Ba6 16. Nd2 Na7 17. Bd3 Ne8 18. Bc4 Nxb5 19. Bxb5 Bxb5 20. Qxb5 Rab8 21. Nc4 Nd6 22. Rxd6 Rxd6 23. Bxc5 bxc5 24. Qxb8+ Rd8 25. Qb3 Qc7 26. Rd1 Rb8 27. Qc2 Qa7 28. Rd5 Qa6 29. Qd3 Qc6 30. Qd1 Qc7 31. Rd7 Qc6 32. Qd5 Qf6 33. Qxc5 Qf4 34. Qe3 Qh4 35. Qf3 Rf8 36. Nd6 Bf6 37. Kh2 Kg7 38. Nc4 Bd8 39. Nxe5 Bf6 40. Ng4 Be7 41. e5 Qg5 42. g3 h5 43. h4 Qc1 44. Ne3 Re8 45. Nd5 Kf8 46. e6 f5 47. Nxe7 Rxe7 48. Qa8+ Re8 49. Rf7+ 1-0

[Event "CRO-ch U15"]
[Site "Trogir"]
[Date "2022.06.26"]
[Round "8"]
[White "Grgantov, Marin"]
[Black "Sundac, Ivano"]
[Result "1/2-1/2"]
[WhiteElo "2063"]
[BlackElo "1978"]
[PlyCount "89"]
[EventDate "2022.06.22"]
[EventType "swiss"]
[EventRounds "9"]
[EventCountry "CRO"]
[SourceTitle "CBM 209 Extra"]
[Source "ChessBase"]
[SourceDate "2022.09.30"]
[SourceVersion "1"]
[SourceVersionDate "2022.09.30"]
[SourceQuality "1"]

1. e4 c5 2. Nc3 Nc6 3. f4 g6 4. Nf3 Bg7 5. Bb5 Nd4 6. 0-0 Nxb5 7. Nxb5 d5 8. exd5 a6 9. Nc3 Nf6 10. d4 Nxd5 11. dxc5 Nxc3 12. Qxd8+ Kxd8 13. bxc3 Bxc3 14. Rb1 Kc7 15. Rb3 Bf6 16. Bd2 a5 17. Rb5 Be6 18. Rfb1 Bd5 19. a3 a4 20. Ne5 Bxe5 21. fxe5 Kd7 22. Bc3 Ke6 23. R5b4 Rhd8 24. Kf2 Bc6 25. g3 Rd5 26. Bd4 f6 27. exf6 Rf5+ 28. Ke2 exf6 29. Rf1 Rxf1 30. Kxf1 f5 31. Be3 Rd8 32. Rd4 Rxd4 33. Bxd4 Kd5 34. Bb2 Kxc5 35. Ke2 Kc4 36. Kd2 b5 37. Bc3 g5 38. Bb4 f4 39. gxf4 gxf4 40. Ke2 Be4 41. c3 Kd5 42. Kf2 Ke5 43. Bc5 Kf5 44. Bd6 Kg4 45. Bc7 1/2-1/2

[Event "CRO-ch U15"]
[Site "Trogir"]
[Date "2022.06.25"]
[Round "6"]
[White "Jakovic, Roko"]
[Black "Sundac, Ivano"]
[Result "1/2-1/2"]
[WhiteElo "1954"]
[BlackElo "1978"]
[PlyCount "44"]
[EventDate "2022.06.22"]
[EventType "swiss"]
[EventRounds "9"]
[EventCountry "CRO"]
[SourceTitle "CBM 209 Extra"]
[Source "ChessBase"]
[SourceDate "2022.09.30"]
[SourceVersion "1"]
[SourceVersionDate "2022.09.30"]
[SourceQuality "1"]

1. d4 Nf6 2. c4 e6 3. Nc3 Bb4 4. g3 Bxc3+ 5. bxc3 0-0 6. Bg2 d6 7. Nf3 Nc6 8. c5 d5 9. 0-0 Re8 10. Bg5 h6 11. Bxf6 Qxf6 12. e4 b6 13. Ne5 Nxe5 14. dxe5 Qxe5 15. exd5 exd5 16. Qxd5 Qxd5 17. Bxd5 Rb8 18. Rfe1 Be6 19. Bxe6 Rxe6 20. Rxe6 fxe6 21. cxb6 Rxb6 22. Rd1 Rc6 1/2-1/2

[Event "CRO-ch U15"]
[Site "Trogir"]
[Date "2022.06.23"]
[Round "3"]
[White "Sundac, Ivano"]
[Black "Rautner, Fran"]
[Result "1-0"]
[WhiteElo "1978"]
[BlackElo "1749"]
[PlyCount "77"]
[EventDate "2022.06.22"]
[EventType "swiss"]
[EventRounds "9"]
[EventCountry "CRO"]
[SourceTitle "CBM 209 Extra"]
[Source "ChessBase"]
[SourceDate "2022.09.30"]
[SourceVersion "1"]
[SourceVersionDate "2022.09.30"]
[SourceQuality "1"]

1. d4 Nf6 2. Nf3 g6 3. g3 Bg7 4. Bg2 0-0 5. 0-0 d6 6. b3 e5 7. dxe5 Ng4 8. Bb2 Nxe5 9. Nxe5 Bxe5 10. Bxe5 dxe5 11. c4 Qe7 12. Nc3 c6 13. Qc2 Nd7 14. Rad1 Nf6 15. Qd2 Kg7 16. Qd6 Qxd6 17. Rxd6 Be6 18. Rfd1 Rac8 19. Na4 Rc7 20. Nc5 Bg4 21. R1d2 Re8 22. Nxb7 Rxb7 23. Bxc6 Rbe7 24. Bxe8 Nxe8 25. Ra6 Be6 26. c5 Rc7 27. b4 Bc4 28. Ra5 Kf8 29. Rc2 Bd5 30. c6 Be4 31. Rcc5 f6 32. f3 Bf5 33. b5 Nd6 34. Ra4 Be6 35. a3 Ke7 36. Rb4 Bf7 37. a4 Nf5 38. a5 Be8 39. b6 1-0

[Event "CRO-ch U15"]
[Site "Trogir"]
[Date "2022.06.22"]
[Round "1"]
[White "Sundac, Ivano"]
[Black "Supancic, Fran"]
[Result "1-0"]
[WhiteElo "1978"]
[BlackElo "1326"]
[PlyCount "105"]
[EventDate "2022.06.22"]
[EventType "swiss"]
[EventRounds "9"]
[EventCountry "CRO"]
[SourceTitle "CBM 209 Extra"]
[Source "ChessBase"]
[SourceDate "2022.09.30"]
[SourceVersion "1"]
[SourceVersionDate "2022.09.30"]
[SourceQuality "1"]

1. d4 d5 2. Bf4 Bf5 3. e3 e6 4. Nf3 Nf6 5. c3 Be7 6. Nbd2 0-0 7. Qb3 b6 8. Ne5 Nfd7 9. Nxd7 Nxd7 10. c4 dxc4 11. Bxc4 Nf6 12. 0-0 Ne4 13. Rfd1 Bd6 14. Bxd6 cxd6 15. Ba6 Nxd2 16. Rxd2 Qc7 17. f3 d5 18. Rdd1 Rfd8 19. Rac1 Qe7 20. Rc3 h6 21. Rdc1 Rd7 22. Bb5 Rdd8 23. Rc7 Qf8 24. Ba6 Qd6 25. R1c6 Qf8 26. a4 Qe8 27. Qa3 Rd7 28. Bb5 Rxc7 29. Rxc7 Qd8 30. Qc3 a6 31. Bxa6 e5 32. Bb5 exd4 33. exd4 Qg5 34. Qc1 Qf6 35. Qe3 Qd6 36. Rc6 Qb8 37. Qe5 Be6 38. Kf2 Qxe5 39. dxe5 Rb8 40. Ke3 Kf8 41. Kd4 Ke7 42. Rd6 h5 43. Bc6 f6 44. Bxd5 fxe5+ 45. Kxe5 Bxd5 46. Kxd5 b5 47. a5 Ra8 48. b4 Rb8 49. a6 Ra8 50. Rb6 Kf7 51. Kc6 Rc8+ 52. Kb7 Re8 53. Rc6 1-0

[Event "CRO-chT U16"]
[Site "Crikvenica"]
[Date "2021.12.19"]
[Round "3.1"]
[White "Sundac, Ivano"]
[Black "Colev, Ivor"]
[Result "1-0"]
[WhiteElo "1757"]
[BlackElo "1880"]
[PlyCount "55"]
[EventDate "2021.12.18"]
[EventType "team-tourn"]
[EventRounds "7"]
[EventCountry "CRO"]
[SourceTitle "CBM 206 Extra"]
[Source "ChessBase"]
[SourceDate "2022.03.31"]
[SourceVersion "1"]
[SourceVersionDate "2022.03.31"]
[SourceQuality "1"]
[WhiteTeam "Crikvenica"]
[BlackTeam "Strigova Stridon"]
[WhiteTeamCountry "CRO"]
[BlackTeamCountry "CRO"]

1. d4 f5 2. c4 Nf6 3. Nc3 g6 4. Nf3 Bg7 5. g3 0-0 6. Bg2 d6 7. 0-0 c6 8. Bg5 Qe8 9. Qc1 Nbd7 10. Bh6 e5 11. Bxg7 Kxg7 12. dxe5 dxe5 13. Rd1 e4 14. Nd4 Ne5 15. b3 Be6 16. Nxe6+ Qxe6 17. Qa3 e3 18. f4 Neg4 19. Rd6 Qe7 20. Rad1 Rad8 21. c5 h5 22. Qb4 Rh8 23. h4 Rhe8 24. Qa5 Nh6 25. Bf3 Nf7 26. R6d3 Kg8 27. b4 a6 28. Qa3 1-0

[Event "CRO-chT U16"]
[Site "Crikvenica"]
[Date "2021.12.18"]
[Round "2.1"]
[White "Grgantov, Marin"]
[Black "Sundac, Ivano"]
[Result "1/2-1/2"]
[WhiteElo "1893"]
[BlackElo "1757"]
[PlyCount "74"]
[EventDate "2021.12.18"]
[EventType "team-tourn"]
[EventRounds "7"]
[EventCountry "CRO"]
[SourceTitle "CBM 206 Extra"]
[Source "ChessBase"]
[SourceDate "2022.03.31"]
[SourceVersion "1"]
[SourceVersionDate "2022.03.31"]
[SourceQuality "1"]
[WhiteTeam "Kastel Novi Sedlar"]
[BlackTeam "Crikvenica"]
[WhiteTeamCountry "CRO"]
[BlackTeamCountry "CRO"]

1. d4 f5 2. c4 Nf6 3. Nc3 e6 4. e3 b6 5. Bd3 Bb7 6. f3 Bb4 7. Nge2 Bxc3+ 8. Nxc3 0-0 9. 0-0 d6 10. a3 Nbd7 11. b4 c5 12. Qe2 Qe7 13. Rd1 Rfd8 14. Bb2 g6 15. Bc2 e5 16. bxc5 bxc5 17. d5 Rab8 18. Rab1 Ba6 19. Ba4 Nb6 20. Bb5 Bxb5 21. Nxb5 Na4 22. Ba1 a6 23. Nc3 Nxc3 24. Bxc3 Qc7 25. Qc2 Rxb1 26. Rxb1 Rb8 27. Kf2 Kf7 28. Ba5 Qc8 29. Rb3 Ke7 30. Qb2 Nd7 31. Ke2 Rxb3 32. Qxb3 Qb8 33. Qxb8 Nxb8 34. Kd3 Nd7 35. Be1 Kd8 36. Bh4+ Kc7 37. Be1 Kd8 1/2-1/2

[Event "CRO-chT U16"]
[Site "Crikvenica"]
[Date "2021.12.18"]
[Round "1.1"]
[White "Sundac, Ivano"]
[Black "Damjanovic, Stjepan"]
[Result "0-1"]
[WhiteElo "1757"]
[BlackElo "2002"]
[PlyCount "92"]
[EventDate "2021.12.18"]
[EventType "team-tourn"]
[EventRounds "7"]
[EventCountry "CRO"]
[SourceTitle "CBM 206 Extra"]
[Source "ChessBase"]
[SourceDate "2022.03.31"]
[SourceVersion "1"]
[SourceVersionDate "2022.03.31"]
[SourceQuality "1"]
[WhiteTeam "Crikvenica"]
[BlackTeam "Strizivojna Amater"]
[WhiteTeamCountry "CRO"]
[BlackTeamCountry "CRO"]

1. d4 Nf6 2. Bf4 e6 3. e3 c5 4. Nd2 Nc6 5. c3 d5 6. Ngf3 Bd6 7. Bg3 0-0 8. Bd3 b6 9. Ne5 Bxe5 10. dxe5 Nd7 11. f4 f5 12. Nf3 c4 13. Bc2 Nc5 14. Nd4 Qd7 15. 0-0 a5 16. Be1 Ba6 17. Rf3 Nxd4 18. exd4 Nd3 19. Bxd3 cxd3 20. Bd2 Rac8 21. Qe1 Qa4 22. Qd1 Qc6 23. Qe1 Rf7 24. h3 Qa4 25. Qd1 Qxd1+ 26. Rxd1 a4 27. a3 Bc4 28. Rc1 Kf8 29. Kf2 Ra8 30. Ke3 Ra5 31. Ra1 Rb5 32. Bc1 h6 33. Rf2 Kg8 34. b4 axb3 35. Bb2 Ra5 36. Kd2 Kh7 37. Rg1 g5 38. Ke3 Ra8 39. h4 gxf4+ 40. Rxf4 Rg7 41. g3 Rag8 42. Rf3 Rg4 43. Kf2 Re4 44. Re3 f4 45. Rxe4 dxe4 46. g4 e3+ 0-1